000 00843nam a22002297a 4500
005 20120831143758.0
008 120831t xxu||||| |||| 00| 0 eng d
010 _aENG-105738
020 _a9789381868034
_c950.00
035 _aEN-89271
037 _bDBAD/PUB
040 _aDPL
_bEng
082 _a796
245 _aRules of games and sports /
_cedited and compiled by Ashok Malik [and] Rajesh Vaidhya
260 _aNew Delhi
_bLakshay Publication
_c2012
270 _a7/26, Ground Floor, Ansari Road, Daryaganj
_bNew Delhi
_e110002
_mlakshaythani@hotmail.com
300 _a380p. :
_bill.
_c24cm(Hb)
700 _aMalik, Ashok
_951909
700 _aVaidhya, Rajesh
_951910
942 _2ddc
_cEN
_h796
_mRUL
999 _c69596
_d69596